000 nam a22 a 4500
999 _c2575
_d2575
003 AKMAL
005 20170517113404.0
008 170517r19871989my g 00 may d
020 _a40035735101
082 0 4 _a499.28 ABD
_220
090 0 0 _a499.28
_bABD
100 0 _aAbdullah Hassan,
_d1942-
_9341
245 1 0 _aIsu-isu perancangan bahasa :
_bpengintelektualan Bahasa Malaysia /
_cAbdullah Hassan
260 _aKuala Lumpur :
_bDewan Bahasa dan Pustaka,
_c1987
300 0 0 _axi, 208ms. ;
_c22cm.
504 _aBibliografi: ms.205-208
650 1 0 _aBahasa Malaysia
_xUsage
_95373
650 2 0 _aMalay language
_xUsage
_94048
942 _2ddc
_cBOOK